| 000 -ლიდერი |
| ფიქსირებული სიგრძის საკონტროლო ველი |
01128nam a2200241Ia 4500 |
| 001 - საკონტროლო ნომერი |
| საკონტროლო ველი |
4866 |
| 003 - საკონტროლო ნომრის იდენტიფიკატორი |
| საკონტროლო ველი |
GE_BSU |
| 005 - ბოლო ოპერაციის თარიღი და დრო |
| საკონტროლო ველი |
20190815100457.0 |
| 008 - ფიქსირებული სიგრძის მონაცემთა ელემენტები - ზოგადი ინფორმაცია |
| ფიქსირებული სიგრძის საკონტროლო ველი |
181216s2008||||ge |||||||||||||| ||geo|| |
| 020 ## - წიგნის საერთაშორისო სტანდარტული ნომერი |
| International Standard Book Number |
9789994055562 |
| 040 ## - კატალოგიზაციის წყარო |
| Transcribing agency |
GE_BSU |
| 041 ## - ენის კოდი |
| Language code of text/sound track or separate title |
geo |
| 080 ## - უნივერსალური ათობითი კლასიფიკაციის ინდექსი |
| Universal Decimal Classification number |
811.353.31 კ-18 |
| 100 ## - მთავარი ჩანაწერი - პიროვნების სახელი |
| Personal name |
კალანდია,თეა |
| 9 (RLIN) |
3606 |
| 245 ## - ცნობა სათაურის შესახებ |
| Title |
ლაზური ტექსტები პწკარედული თარგმანით / |
| Statement of responsibility, etc |
თეა კალანდია ; რედ. გურამ კარტოზია ; სერიის მთ. რედ. ბუბა კუდავა. |
| 264 ## - წარმოების, გამოცემის, დისტრიბუციის და სხვა ცნობები |
| გამოცემის, წარმოების, დისტრიბუციის... ადგილი |
თბილისი : |
| გამოცემის, წარმოების, დისტრიბუციის... სახელწოდება |
არტანუჯი ; |
| გამოცემის, წარმოების, დისტრიბუციის... თარიღი |
2008. |
| 300 ## - ფიზიკური აღწერა |
| Extent |
301 გვ. ; |
| Dimensions |
20 სმ. |
| 653 ## - INDEX TERM--UNCONTROLLED |
| Uncontrolled term |
ლაზური ტექსტები პწკარედული თარგმანით |
| 700 ## - ADDED ENTRY--PERSONAL NAME |
| Personal name |
კარტოზია, გურამ |
| Relator term |
რედაქტორი |
| 9 (RLIN) |
3607 |
| 700 ## - ADDED ENTRY--PERSONAL NAME |
| Personal name |
კუდავა, ბუბა |
| Relator term |
სერიის მთავარი რედაქტორი |
| 9 (RLIN) |
3540 |
| 942 ## - ADDED ENTRY ELEMENTS (KOHA) |
| Koha item type |
წიგნი |
| Source of classification or shelving scheme |
|